000 00997na a2200325 4500
001 18082
003 MIRAKIL
005 20181213154952.0
008 161110b tu 000 0
020 _a9944314021
035 _a13563
040 _aMilas
_btur
_cTR-AnCHP
041 _atur
082 _a327.12
_bA61d 2007
090 _a327.12 A61d 2007
100 _aArcayürek, Cüneyt
245 _aDerin devlet
_b(1950-2007)
_cCüneyt Arcayürek
260 _aİstanbul
_bDetay Yayınclık
_c2007
300 _a683 s.
_c19 sm.
440 _aDetay yayıncılık
_pYakın tarih
500 _aDış kapakta başka yapıt adı : Darbeler ve gizli servisler
650 _aGizli servisler
_zTürkiye
650 _aGizli servisler
_zABD
650 _aGizli servisler
_zRusya
650 _aDerin devlet (Kontrgerilla)
_zTürkiye
650 _aKontrgerilla savaşı
_zTürkiye
650 _aMilli İstihbarat Teşkilatı (MİT)
740 _aDarbeler ve gizli servisler
942 _2ddc
_cBKS
999 _c4074
_d4074